01761 2200373 4500001002100000005001500021035002000036007000300056008004100059020002200100082000800122084001400130100002300144245021900167250001700386300003800403650000800441650000800449650004200457650003400499700002900533700002900562700003000591700002500621700002900646700002800675520051900703264003901222336002101261337003001282338002301312740004301335990000901378INLIS00000000000300120260406080603 a0010-0426000015ta260406 g 0 ind  a978-979-3535-26-5 a030 a030 HEN e0 aHenry PePengarang1 aENSIKLOPEDIA PENGETAHUAN POPULER : Ensiklopedia IPA dan IPS untuk Pelajar Unggulan Jilid 4: Navigasi-Reptilia /cHenry P., Sisilia Rini, Bayu Nugroho ; penyunting, Johan Aguston, Rizky R., Rahmat Salim, M. Surianto aCetakan 2017 a384 halaman :bilustrasi ;c30 cm 4aIPA 4aIPS 4aEnsiklopedia pendidikan untuk pelajar 4aReferensi belajar IPA dan IPS0 aSisilia RiniePenerjemah0 aBayu NugrohoePenerjemah0 aJohan AgustonePenyunting0 aRizky R.ePenyunting0 aRahmat SalimePenyunting0 aM. SuriantoePenyunting aJilid keempat ini berisi entri ensiklopedis dari Navigasi hingga Reptilia, mencakup: • IPA: konsep navigasi (fisika, teknologi transportasi, astronomi), biologi reptilia (anatomi, ekologi, klasifikasi). • IPS: sejarah navigasi, peran navigasi dalam perdagangan dan eksplorasi, serta aspek sosial-ekonomi. • Disusun dengan bahasa populer, ringkas, dan visual, sehingga memudahkan pelajar memahami konsep dasar. • Cocok sebagai referensi tambahan untuk siswa SMP/SMA dan koleksi perpustakaan sekolah. aJakarta :bPT LENTERA ABADI,c2017 2rdacontentateks 2rdamediaatanpa perantara 2rdacarrieravolume aThe Kingfisher Children's Encyclopedia a7584